000
00315nam a22001337a 4500
008
180209b xxu||||| |||| 00| 0 eng d
020
_a
0444873937
041
_a
eng
080
_a
574
100
_a
9
101
_a
MJE
245
_a
Nitrogen Management and Ground Water Protection
_c
Follett, R.F
942
_2
udc
_c
BK
999
_c
42219
_d
42219